Dainet NGO Directory (Record no. 25533)
[ view plain ]
| 000 -LEADER | |
|---|---|
| fixed length control field | 00500nam a22001457a 4500 |
| 008 - FIXED-LENGTH DATA ELEMENTS--GENERAL INFORMATION | |
| fixed length control field | 230501b |||||||| |||| 00| 0 eng d |
| 040 ## - CATALOGING SOURCE | |
| Original cataloging agency | National Science Library |
| Transcribing agency | National Science Library |
| 080 ## - UNIVERSAL DECIMAL CLASSIFICATION NUMBER | |
| Universal Decimal Classification number | R 061.2(540)(058) |
| Item number | N8 |
| 245 ## - TITLE STATEMENT | |
| Title | Dainet NGO Directory |
| Statement of responsibility, etc. | / Development Alternatives Information Network |
| 260 ## - PUBLICATION, DISTRIBUTION, ETC. | |
| Place of publication, distribution, etc. | New Delhi: |
| Name of publisher, distributor, etc. | Development Alternatives Information Network, |
| Date of publication, distribution, etc. | 1998 |
| 500 ## - GENERAL NOTE | |
| General note | Vol. 1(Delhi);xi, 235p. |
| 650 ## - SUBJECT ADDED ENTRY--TOPICAL TERM | |
| Topical term or geographic name entry element | Industries |
| 653 ## - INDEX TERM--UNCONTROLLED | |
| Uncontrolled term | DAINET NGO |
| 942 ## - ADDED ENTRY ELEMENTS (KOHA) | |
| Source of classification or shelving scheme | Universal Decimal Classification |
| Koha item type | Reference |
No items available.